[Event "SVK-chT 2122"]
[Site "Slovakia"]
[Date "2022.03.12"]
[Round "5.7"]
[White "Kravec, Patrik"]
[Black "Macko, Michal"]
[Result "1/2-1/2"]
[WhiteElo "2139"]
[BlackElo "2176"]
[PlyCount "84"]
[EventDate "2021.10.23"]
[EventType "team-tourn"]
[EventRounds "11"]
[EventCountry "SVK"]
[SourceTitle "EXT 2023"]
[Source "ChessBase"]
[SourceDate "2022.10.05"]
[SourceVersion "1"]
[SourceVersionDate "2022.10.05"]
[SourceQuality "1"]
[WhiteTeam "Humenne Reinter"]
[BlackTeam "Liptov Chess School"]
[WhiteTeamCountry "SVK"]
[BlackTeamCountry "SVK"]

1. g3 d5 2. Nf3 Nf6 3. Bg2 e6 4. 0-0 c5 5. d3 Nc6 6. Nbd2 Be7 7. e4 Qc7 8. Re1 b6 9. Nf1 Bb7 10. e5 Nd7 11. Bf4 h6 12. h4 0-0-0 13. Ne3 Rdg8 14. Nxd5 exd5 15. e6 Bd6 16. exd7+ Qxd7 17. Bxd6 Qxd6 18. d4 g5 19. h5 Re8 20. c3 Kb8 21. Qd2 Bc8 22. Ne5 Nxe5 23. dxe5 Rxe5 24. Rxe5 Qxe5 25. Re1 Qd6 26. Qxd5 Qxd5 27. Bxd5 f5 28. Re7 Rd8 29. c4 b5 30. b3 Rd6 31. Rg7 Bd7 32. f4 g4 33. Kf2 b4 34. Rg6 Kc7 35. Rxd6 Kxd6 36. Bf7 a5 37. Ke3 a4 38. Kd2 a3 39. Kc2 Bc6 40. Kc1 Be4 41. Be8 Ke7 42. Bg6 Kf6 1/2-1/2

[Event "SVK-chT 1920"]
[Site "Slovakia"]
[Date "2020.09.06"]
[Round "11.7"]
[White "Zetocha, Claudiu"]
[Black "Kravec, Patrik"]
[Result "0-1"]
[WhiteElo "2303"]
[BlackElo "2126"]
[PlyCount "92"]
[EventDate "2019.10.19"]
[EventType "team-tourn"]
[EventRounds "11"]
[EventCountry "SVK"]
[SourceTitle "EXT 2021"]
[Source "ChessBase"]
[SourceDate "2020.10.23"]
[SourceVersion "1"]
[SourceVersionDate "2020.10.23"]
[SourceQuality "1"]
[WhiteTeam "Bratislava Slovan"]
[BlackTeam "Humenne Reinter"]
[WhiteTeamCountry "SVK"]
[BlackTeamCountry "SVK"]

1. d4 Nf6 2. Nf3 g6 3. c4 c5 4. d5 b5 5. cxb5 a6 6. b6 Qxb6 7. Nc3 d6 8. Nd2 Nbd7 9. a4 a5 10. e4 Bg7 11. Bb5 0-0 12. 0-0 Ba6 13. Nc4 Qc7 14. Qe2 Bb7 15. Bg5 Nb6 16. Rad1 Nxc4 17. Bxc4 Rfe8 18. Kh1 Nd7 19. f4 Qc8 20. Nb5 Nb6 21. b3 Nxc4 22. bxc4 Ba6 23. Rc1 Bxb5 24. cxb5 e6 25. Qd3 exd5 26. e5 Qe6 27. exd6 Qxd6 28. f5 Be5 29. Rfd1 d4 30. Qc4 Rac8 31. Bd2 Bxh2 32. fxg6 hxg6 33. Bxa5 Kg7 34. Rf1 f5 35. Rf3 Rh8 36. Rh3 Bf4 37. Rf1 g5 38. Kg1 Be3+ 39. Rxe3 Qh2+ 40. Kf2 dxe3+ 41. Kxe3 Rhe8+ 42. Kf2 Re4 43. Bc3+ Kg6 44. Qd3 Rce8 45. Bd2 c4 46. Qf3 g4 0-1

[Event "SVK-chT 1920"]
[Site "Slovakia"]
[Date "2020.09.04"]
[Round "9.6"]
[White "Popovic, Martin"]
[Black "Kravec, Patrik"]
[Result "1/2-1/2"]
[WhiteElo "2017"]
[BlackElo "2126"]
[PlyCount "48"]
[EventDate "2019.10.19"]
[EventType "team-tourn"]
[EventRounds "11"]
[EventCountry "SVK"]
[SourceTitle "EXT 2021"]
[Source "ChessBase"]
[SourceDate "2020.10.23"]
[SourceVersion "1"]
[SourceVersionDate "2020.10.23"]
[SourceQuality "1"]
[WhiteTeam "Kosice Slavia UPJS"]
[BlackTeam "Humenne Reinter"]
[WhiteTeamCountry "SVK"]
[BlackTeamCountry "SVK"]

1. e4 c5 2. Nf3 Nc6 3. d4 cxd4 4. Nxd4 Nf6 5. Nc3 d6 6. Bg5 Qa5 7. Nxc6 bxc6 8. Qd2 Rb8 9. Rb1 h6 10. Be3 Ng4 11. Be2 Nxe3 12. Qxe3 e6 13. 0-0 Be7 14. a3 0-0 15. b4 Qb6 16. Qd3 Qc7 17. f4 c5 18. Kh1 cxb4 19. axb4 Bd7 20. Nd1 a5 21. b5 Qc5 22. c4 a4 23. Qe3 Rfc8 24. Qxc5 Rxc5 1/2-1/2

[Event "Drienica Saris op"]
[Site "Drienica"]
[Date "2020.08.12"]
[Round "6"]
[White "Kravec, Patrik"]
[Black "Skovran, Jaroslav"]
[Result "1-0"]
[WhiteElo "2119"]
[BlackElo "1975"]
[PlyCount "49"]
[EventDate "2020.08.07"]
[EventType "swiss"]
[EventRounds "9"]
[EventCountry "SVK"]
[SourceTitle "CBM 197 Extra"]
[Source "ChessBase"]
[SourceDate "2020.09.30"]
[SourceVersion "1"]
[SourceVersionDate "2020.09.30"]
[SourceQuality "1"]

1. e4 d5 2. exd5 Qxd5 3. Nc3 Qa5 4. b4 Qe5+ 5. Be2 Bg4 6. d4 Bxe2 7. Ngxe2 Qf5 8. 0-0 c6 9. Ng3 Qc8 10. Nce4 e6 11. Bf4 Nf6 12. Nxf6+ gxf6 13. Ne4 Qd8 14. Rb1 Be7 15. c3 Qd5 16. Qe2 Qf5 17. Bd6 Rg8 18. b5 b6 19. Rfe1 Kd7 20. Bg3 c5 21. dxc5 Bxc5 22. Rbd1+ Kc8 23. Nxc5 bxc5 24. Qd2 Kb7 25. Qd6 1-0

[Event "Drienica Saris op"]
[Site "Drienica"]
[Date "2020.08.08"]
[Round "2"]
[White "Kravec, Patrik"]
[Black "Steiniger, Florian"]
[Result "1/2-1/2"]
[WhiteElo "2119"]
[BlackElo "1951"]
[PlyCount "45"]
[EventDate "2020.08.07"]
[EventType "swiss"]
[EventRounds "9"]
[EventCountry "SVK"]
[SourceTitle "CBM 197 Extra"]
[Source "ChessBase"]
[SourceDate "2020.09.30"]
[SourceVersion "1"]
[SourceVersionDate "2020.09.30"]
[SourceQuality "1"]

1. Nf3 g6 2. e4 Bg7 3. d4 d6 4. Nc3 Nf6 5. Be2 0-0 6. 0-0 a6 7. a4 Nc6 8. Bg5 h6 9. Bc1 e5 10. h3 exd4 11. Nxd4 Nxd4 12. Qxd4 Re8 13. Qd3 Nd7 14. Be3 Nc5 15. Qd2 Nxe4 16. Nxe4 Rxe4 17. Bf3 Rh4 18. c3 Rb8 19. Ba7 Ra8 20. Be3 Rb8 21. Ba7 Ra8 22. Be3 Rb8 23. Ba7 1/2-1/2

[Event "SVK-chT1E 1920"]
[Site "Slovakia"]
[Date "2019.11.10"]
[Round "4.2"]
[White "Kravec, Patrik"]
[Black "Turcan, Richard"]
[Result "1-0"]
[WhiteElo "2117"]
[BlackElo "2131"]
[PlyCount "83"]
[EventDate "2019.10.12"]
[EventType "team-tourn"]
[EventRounds "11"]
[EventCountry "SVK"]
[SourceTitle "CBM 193 Extra"]
[Source "ChessBase"]
[SourceDate "2020.01.31"]
[SourceVersion "1"]
[SourceVersionDate "2020.01.31"]
[SourceQuality "1"]
[WhiteTeam "Sabinov"]
[BlackTeam "Banska Bystrica Junior"]
[WhiteTeamCountry "SVK"]
[BlackTeamCountry "SVK"]

1. g3 g6 2. Bg2 Bg7 3. d4 Nf6 4. e4 d6 5. Nc3 0-0 6. Nge2 Nbd7 7. h3 c6 8. a4 e5 9. 0-0 Qc7 10. b3 Re8 11. Ba3 exd4 12. Nxd4 Nc5 13. Re1 a5 14. Qd2 Bd7 15. Rad1 Rad8 16. f4 Bc8 17. Kh2 h5 18. Kg1 Qb6 19. Qf2 Bxh3 20. Bxh3 Nfxe4 21. Bxc5 dxc5 22. Nxe4 cxd4 23. Bf1 Qb4 24. Bd3 b5 25. axb5 cxb5 26. f5 Re5 27. Ng5 Rde8 28. Rxe5 Rxe5 29. Nf3 Re3 30. fxg6 fxg6 31. Bxg6 Qd6 32. Bd3 a4 33. bxa4 bxa4 34. Kg2 Qc6 35. Re1 Bh6 36. Rxe3 Bxe3 37. Qe1 Qb6 38. Qa1 Qb4 39. Qa2+ Kf8 40. Qe6 Qe7 41. Qc8+ Qe8 42. Qxe8+ 1-0

[Event "SVK-chT1E 1920"]
[Site "Slovakia"]
[Date "2019.11.09"]
[Round "3.2"]
[White "Hujbert, Florian"]
[Black "Kravec, Patrik"]
[Result "1/2-1/2"]
[WhiteElo "2412"]
[BlackElo "2117"]
[PlyCount "128"]
[EventDate "2019.10.12"]
[EventType "team-tourn"]
[EventRounds "11"]
[EventCountry "SVK"]
[SourceTitle "CBM 193 Extra"]
[Source "ChessBase"]
[SourceDate "2020.01.31"]
[SourceVersion "1"]
[SourceVersionDate "2020.01.31"]
[SourceQuality "1"]
[WhiteTeam "Cebovce"]
[BlackTeam "Sabinov"]
[WhiteTeamCountry "SVK"]
[BlackTeamCountry "SVK"]

1. b3 e5 2. Bb2 Nc6 3. Nf3 e4 4. Ne5 Nxe5 5. Bxe5 d6 6. Bg3 g6 7. c4 Bg7 8. Nc3 f5 9. e3 Nf6 10. Be2 0-0 11. Rc1 b6 12. d4 c6 13. 0-0 Bb7 14. b4 Rc8 15. Qb3 Kh8 16. Rfd1 Qe7 17. c5 Ne8 18. d5 cxd5 19. cxd6 Nxd6 20. Nxd5 Bxd5 21. Qxd5 Nf7 22. Rxc8 Rxc8 23. h4 Be5 24. Ba6 Rf8 25. Bxe5+ Nxe5 26. Qd4 Qf6 27. a4 Rf7 28. Be2 Rd7 29. Qxd7 Nxd7 30. Rxd7 a5 31. bxa5 bxa5 32. g3 Qa1+ 33. Bd1 Qc3 34. Kg2 Qc6 35. Rd4 Kg7 36. Be2 Qc2 37. Bb5 Kh6 38. Rd7 Qc5 39. Rd1 Qc2 40. Rd4 Qc5 41. Bc4 Qc6 42. Be2 Qc2 43. Bd1 Qc5 44. Bb3 Qc3 45. Be6 Qc6 46. Bd7 Qc2 47. Bb5 Qc5 48. Rd8 Qc7 49. Ra8 Qc3 50. Ra7 Qd2 51. Rd7 Qc3 52. Rb7 Qd2 53. Bc4 Qd8 54. Rb1 Qc7 55. Bb5 Qc5 56. Ra1 Qe5 57. Rc1 Qd6 58. Re1 Qd2 59. Rf1 Qd5 60. Rc1 Qd2 61. Rh1 Qb2 62. Rf1 Qd2 63. Kg1 Qc3 64. Rd1 Qc2 1/2-1/2

[Event "SVK-chT1E 1920"]
[Site "Slovakia"]
[Date "2019.10.13"]
[Round "2.3"]
[White "Kravec, Patrik"]
[Black "Popovic, Martin"]
[Result "1-0"]
[WhiteElo "2098"]
[BlackElo "2046"]
[PlyCount "43"]
[EventDate "2019.10.12"]
[EventType "team-tourn"]
[EventRounds "11"]
[EventCountry "SVK"]
[SourceTitle "CBM 193 Extra"]
[Source "ChessBase"]
[SourceDate "2020.01.31"]
[SourceVersion "1"]
[SourceVersionDate "2020.01.31"]
[SourceQuality "1"]
[WhiteTeam "Sabinov"]
[BlackTeam "Kosice Slavia TU II"]
[WhiteTeamCountry "SVK"]
[BlackTeamCountry "SVK"]

1. d4 d5 2. Nf3 Nf6 3. e3 e6 4. Bd3 c5 5. c3 Nc6 6. Nbd2 Be7 7. 0-0 0-0 8. Ne5 Qc7 9. f4 Rb8 10. Rf3 b5 11. Rh3 g6 12. Ndf3 Kg7 13. Ng5 b4 14. Bd2 c4 15. Bc2 Na5 16. cxb4 Bxb4 17. Bc3 h6 18. Ngf3 Qd6 19. Qe1 Bxc3 20. bxc3 Rb2 21. Bxg6 fxg6 22. Qg3 1-0

[Event "Pula op 33rd"]
[Site "Pula"]
[Date "2019.06.23"]
[Round "2"]
[White "Kravec, Patrik"]
[Black "Jovanovic, Zoran"]
[Result "0-1"]
[WhiteElo "2108"]
[BlackElo "2503"]
[PlyCount "100"]
[EventDate "2019.06.22"]
[EventType "swiss"]
[EventRounds "9"]
[EventCountry "CRO"]
[SourceTitle "CBM 191 Extra"]
[Source "ChessBase"]
[SourceDate "2019.09.30"]
[SourceVersion "1"]
[SourceVersionDate "2019.09.30"]
[SourceQuality "1"]

1. d4 g6 2. e4 Bg7 3. Nc3 c6 4. a4 d5 5. Nf3 dxe4 6. Nxe4 Nf6 7. Nxf6+ exf6 8. Be2 0-0 9. 0-0 a5 10. Be3 Na6 11. Qd2 Nb4 12. c4 Re8 13. Rfd1 Bf5 14. Ne1 Qd7 15. Nd3 Bxd3 16. Bxd3 f5 17. Be2 f4 18. Bxf4 Qxd4 19. Qxd4 Bxd4 20. Rd2 Re6 21. Kf1 Rae8 22. Bg3 Be5 23. Bxe5 Rxe5 24. Bf3 Na6 25. b3 Nc5 26. Rb2 Nd3 27. Re2 Kf8 28. Rb1 Rxe2 29. Bxe2 Nc5 30. Rb2 Rd8 31. Ke1 Ke7 32. Rb1 Rd4 33. Bd1 Nd3+ 34. Ke2 Nb4 35. Rb2 Kd6 36. Rd2 Kc5 37. Rxd4 Kxd4 38. Kd2 g5 39. Bc2 h6 40. Bf5 Na6 41. Kc2 Nc5 42. Bh7 Nd7 43. Bf5 Ne5 44. h3 f6 45. Kd2 Nf7 46. Bb1 Nd6 47. Bd3 f5 48. Bb1 f4 49. Bg6 Ne4+ 50. Ke2 Nc5 0-1

[Event "SVK-chT2D 1819"]
[Site "Slovakia"]
[Date "2019.03.03"]
[Round "9.1"]
[White "Trepac, Norbert"]
[Black "Kravec, Patrik"]
[Result "0-1"]
[WhiteElo "1977"]
[BlackElo "2129"]
[PlyCount "97"]
[EventDate "2018.10.13"]
[EventType "team-tourn"]
[EventRounds "11"]
[EventCountry "SVK"]
[SourceTitle "CBM 189 Extra"]
[Source "ChessBase"]
[SourceDate "2019.06.03"]
[SourceVersion "1"]
[SourceVersionDate "2019.06.03"]
[SourceQuality "1"]
[WhiteTeam "Kosice Slavia UPJS III"]
[BlackTeam "Sabinov II"]
[WhiteTeamCountry "SVK"]
[BlackTeamCountry "SVK"]

1. e4 c5 2. Nf3 Nc6 3. d4 cxd4 4. Nxd4 g6 5. Be3 Nf6 6. Nc3 Bg7 7. Bc4 0-0 8. f3 Qb6 9. Qd2 Nxe4 10. fxe4 Bxd4 11. Bxd4 Qxd4 12. Qxd4 Nxd4 13. 0-0-0 Nc6 14. Rhf1 Kg7 15. Nd5 Rb8 16. Bb5 e6 17. Nf6 Rd8 18. g4 a6 19. Be2 d5 20. exd5 exd5 21. Nxd5 Ne5 22. h3 Be6 23. Nb6 f5 24. g5 h6 25. gxh6+ Kxh6 26. Rfe1 Kg7 27. Rxd8 Rxd8 28. Bxa6 bxa6 29. Rxe5 Kf6 30. Re1 f4 31. h4 Rf8 32. Kd2 Rh8 33. c4 Rxh4 34. c5 Rh7 35. Rc1 Rc7 36. c6 Ke5 37. a4 Kd6 38. Nc4+ Bxc4 39. Rxc4 g5 40. Ke2 Rxc6 41. Rd4+ Ke5 42. Rd2 Ke4 43. Kf2 g4 44. Re2+ Kf5 45. Rd2 Rb6 46. Rc2 g3+ 47. Kf3 Rb3+ 48. Rc3 Rxc3+ 49. bxc3 0-1

[Event "SVK-chT1E 1819"]
[Site "Slovakia"]
[Date "2019.01.12"]
[Round "5.2"]
[White "Kravec, Patrik"]
[Black "Dors, Ryszard"]
[Result "1/2-1/2"]
[WhiteElo "2121"]
[BlackElo "2174"]
[PlyCount "98"]
[EventDate "2018.10.27"]
[EventType "team-tourn"]
[EventRounds "11"]
[EventCountry "SVK"]
[SourceTitle "CBM 188 Extra"]
[Source "ChessBase"]
[SourceDate "2019.02.26"]
[SourceVersion "1"]
[SourceVersionDate "2019.02.26"]
[SourceQuality "1"]
[WhiteTeam "Sabinov"]
[BlackTeam "Bardejov"]
[WhiteTeamCountry "SVK"]
[BlackTeamCountry "SVK"]

1. e4 c6 2. c4 d5 3. exd5 cxd5 4. cxd5 Nf6 5. Nc3 Nbd7 6. Qa4 a6 7. Nf3 g6 8. Qh4 Nb6 9. d4 Nbxd5 10. a3 Nxc3 11. bxc3 Qa5 12. Bd2 Bf5 13. Ne5 Ne4 14. Bd3 Nxd2 15. Kxd2 Rc8 16. Rhc1 Bxd3 17. Kxd3 Bg7 18. Qe4 0-0 19. f4 Rc7 20. c4 Rfc8 21. Rc3 e6 22. Rac1 Qb6 23. h3 Rd8 24. c5 Qb5+ 25. Ke3 Qa5 26. Rd3 Rd5 27. Nc4 Qb5 28. Nb6 Rd8 29. a4 Qb2 30. Rcd1 Qb4 31. R3d2 Re7 32. Rb1 Qc3+ 33. Rd3 Rxd4 34. Rxc3 Rxe4+ 35. Kxe4 Bxc3 36. Nc8 Rc7 37. Nd6 f5+ 38. Kf3 Bd4 39. Rxb7 Rxc5 40. g4 Rc3+ 41. Kg2 fxg4 42. hxg4 h5 43. g5 Be3 44. Rb8+ Kg7 45. Rb7+ Kf8 46. Rf7+ Kg8 47. Re7 Bxf4 48. Re8+ Kg7 49. Re7+ Kg8 1/2-1/2

[Event "SVK-ch U18/20"]
[Site "Liptovsky Mikulas"]
[Date "2018.04.27"]
[Round "9"]
[White "Kravec, Patrik"]
[Black "Jablonicky, Martin"]
[Result "0-1"]
[WhiteElo "2184"]
[BlackElo "2348"]
[PlyCount "62"]
[EventDate "2018.04.21"]
[EventType "swiss"]
[EventRounds "9"]
[EventCountry "SVK"]
[SourceTitle "CBM 184 Extra"]
[Source "ChessBase"]
[SourceDate "2018.06.28"]
[SourceVersion "1"]
[SourceVersionDate "2018.06.28"]
[SourceQuality "1"]

1. e4 c5 2. Nc3 g6 3. Nf3 Bg7 4. d4 cxd4 5. Nxd4 Nc6 6. Be3 Nf6 7. Bc4 0-0 8. Bb3 a5 9. f3 d5 10. Nxd5 Nxd5 11. exd5 Nb4 12. c4 a4 13. Bc2 e5 14. Nb5 Qh4+ 15. Ke2 Qxc4+ 16. Bd3 Nxd3 17. Qxd3 Qxd3+ 18. Kxd3 a3 19. bxa3 Bd7 20. Nd6 e4+ 21. fxe4 Rxa3+ 22. Ke2 Bxa1 23. Rxa1 Rfa8 24. Nxb7 Rb8 25. Bc5 Bb5+ 26. Kf2 Rc3 27. Nd6 Rxc5 28. Rb1 Rb6 29. e5 Rxd5 30. a4 Rbxd6 31. exd6 Bxa4 0-1

[Event "SVK-ch U18/20"]
[Site "Liptovsky Mikulas"]
[Date "2018.04.24"]
[Round "5"]
[White "Kravec, Patrik"]
[Black "Haring, Viktor"]
[Result "0-1"]
[WhiteElo "2184"]
[BlackElo "2320"]
[PlyCount "76"]
[EventDate "2018.04.21"]
[EventType "swiss"]
[EventRounds "9"]
[EventCountry "SVK"]
[SourceTitle "CBM 184 Extra"]
[Source "ChessBase"]
[SourceDate "2018.06.28"]
[SourceVersion "1"]
[SourceVersionDate "2018.06.28"]
[SourceQuality "1"]

1. d4 Nf6 2. Qd3 d5 3. Nc3 g6 4. Bg5 Bg7 5. 0-0-0 0-0 6. f3 c6 7. e4 b5 8. e5 Nfd7 9. Qe3 f6 10. exf6 exf6 11. Bh6 Re8 12. Qd2 Nb6 13. Bxg7 Kxg7 14. h4 b4 15. Nb1 Qe7 16. h5 g5 17. Nh3 Ba6 18. Bxa6 Nxa6 19. Rde1 Qd6 20. Qd3 Nc7 21. Nd2 Qg3 22. h6+ Kg8 23. Kd1 Nb5 24. Qf5 Na4 25. Qxf6 Rxe1+ 26. Rxe1 Nbc3+ 27. bxc3 Nxc3+ 28. Kc1 Qxe1+ 29. Kb2 Na4+ 30. Kb3 Qe3+ 31. Kxb4 Qxd2+ 32. Kxa4 Qxc2+ 33. Ka3 Qc3+ 34. Ka4 Qc4+ 35. Ka3 Qa6+ 36. Kb4 Rb8+ 37. Kc3 Qc4+ 38. Kd2 Rb2+ 0-1

[Event "SVK-ch U18/20"]
[Site "Liptovsky Mikulas"]
[Date "2018.04.23"]
[Round "4"]
[White "Kravec, Patrik"]
[Black "Ganz, Tomas"]
[Result "1-0"]
[WhiteElo "2184"]
[BlackElo "1349"]
[PlyCount "111"]
[EventDate "2018.04.21"]
[EventType "swiss"]
[EventRounds "9"]
[EventCountry "SVK"]
[SourceTitle "CBM 184 Extra"]
[Source "ChessBase"]
[SourceDate "2018.06.28"]
[SourceVersion "1"]
[SourceVersionDate "2018.06.28"]
[SourceQuality "1"]

1. e4 Nc6 2. Nf3 e5 3. d4 exd4 4. Nxd4 Bc5 5. Nb3 Bb6 6. Nc3 d6 7. Qe2 Qh4 8. g3 Qf6 9. Nd5 Qg6 10. Be3 Kd8 11. Bg2 Bxe3 12. Qxe3 Nge7 13. Nf4 Qf6 14. 0-0-0 h5 15. Rhe1 Ne5 16. h4 b6 17. Rd4 Bb7 18. Qe2 Qh6 19. Kb1 N7g6 20. Nd5 Bxd5 21. Rxd5 Ne7 22. Rdd1 Qe6 23. f4 Ng4 24. e5 d5 25. c4 c6 26. cxd5 cxd5 27. Bxd5 Nxd5 28. Qe4 Ke7 29. Rxd5 Nf2 30. Qb4+ Ke8 31. Rd6 Qf5+ 32. Ka1 Rc8 33. a4 Rh6 34. Rxh6 gxh6 35. e6 Nd3 36. exf7+ Kxf7 37. Qe7+ Kg8 38. Nd4 Qf7 39. Qxf7+ Kxf7 40. Re3 Nb4 41. Kb1 Rd8 42. Re4 Rd7 43. b3 Rd6 44. Nf5 Rd1+ 45. Kb2 a5 46. Rd4 Rg1 47. Rd6 Rg2+ 48. Kc3 Rc2+ 49. Kd4 Rc5 50. Nxh6+ Kg7 51. Rxb6 Rd5+ 52. Ke4 Rc5 53. Nf5+ Kf7 54. Nd6+ Ke7 55. Nc4 Nd5 56. Ra6 1-0

[Event "SVK-chT2D 1718"]
[Site "Slovakia"]
[Date "2018.03.18"]
[Round "11.2"]
[White "Tropp, Lukas"]
[Black "Kravec, Patrik"]
[Result "1/2-1/2"]
[WhiteElo "2110"]
[BlackElo "2184"]
[PlyCount "55"]
[EventDate "2017.10.28"]
[EventType "team-tourn"]
[EventRounds "11"]
[EventCountry "SVK"]
[SourceTitle "EXT 2020"]
[Source "ChessBase"]
[SourceDate "2019.10.17"]
[SourceVersion "1"]
[SourceVersionDate "2019.10.17"]
[SourceQuality "1"]
[WhiteTeam "Kosice Slavia TU IV"]
[BlackTeam "Presov Slavia"]
[WhiteTeamCountry "SVK"]
[BlackTeamCountry "SVK"]

1. e4 c5 2. Nf3 Nc6 3. d3 g6 4. g3 Bg7 5. Bg2 e5 6. c3 Nge7 7. a3 a5 8. h4 h5 9. Be3 b6 10. d4 cxd4 11. cxd4 exd4 12. Nxd4 Ba6 13. Nc3 0-0 14. g4 hxg4 15. h5 Ne5 16. Ndb5 gxh5 17. Rxh5 N7g6 18. Qd5 Qf6 19. Bg5 Nf3+ 20. Bxf3 Qxf3 21. Nd4 Qd3 22. Rd1 Qf1+ 23. Kd2 Qxf2+ 24. Kc1 Rac8 25. Nf5 Bxc3 26. Nh6+ Kg7 27. Nf5+ Kg8 28. Nh6+ 1/2-1/2

[Event "Krakow op-A 28th"]
[Site "Krakow"]
[Date "2018.01.03"]
[Round "8"]
[White "Kravec, Patrik"]
[Black "Czopor, Maciej"]
[Result "1-0"]
[WhiteElo "2101"]
[BlackElo "2159"]
[PlyCount "132"]
[EventDate "2017.12.27"]
[EventType "swiss"]
[EventRounds "9"]
[EventCountry "POL"]
[SourceTitle "CBM 182 Extra"]
[Source "ChessBase"]
[SourceDate "2018.02.23"]
[SourceVersion "1"]
[SourceVersionDate "2018.02.23"]
[SourceQuality "1"]

1. d4 Nf6 2. Bf4 c5 3. dxc5 Qa5+ 4. Qd2 Qxc5 5. Nc3 d6 6. e4 a6 7. 0-0-0 Nbd7 8. Nf3 e5 9. Be3 Qc6 10. Qd3 Be7 11. Qc4 0-0 12. h3 Nb8 13. g4 Be6 14. Qd3 b5 15. Nd5 Bxd5 16. exd5 Qc8 17. Nh4 Re8 18. Nf5 Bf8 19. Rg1 Nfd7 20. Bg2 Nc5 21. Qd2 Nbd7 22. f4 Qc7 23. fxe5 Nxe5 24. Bd4 a5 25. Kb1 b4 26. Rge1 Ncd7 27. Qg5 Kh8 28. Be4 g6 29. Nh6 Bg7 30. Rf1 Qd8 31. Qxd8 Raxd8 32. Nxf7+ Nxf7 33. Rxf7 Bxd4 34. Rxd4 Nc5 35. Bf3 Re3 36. b3 Kg8 37. Rdf4 Nd7 38. h4 Ne5 39. R7f6 Rc8 40. Bd1 Re1 41. Kc1 Rh1 42. Rd4 Rf8 43. Rxf8+ Kxf8 44. h5 Kg7 45. Kb2 Kf6 46. a3 Kg5 47. axb4 axb4 48. hxg6 hxg6 49. Be2 Re1 50. Ba6 Nxg4 51. Rxb4 Ne3 52. Rb6 Nxd5 53. Rxd6 Re5 54. c4 Nc7 55. Rc6 Nxa6 56. Rxa6 Kf4 57. Ra1 Re2+ 58. Kc3 g5 59. b4 g4 60. b5 g3 61. b6 g2 62. b7 Re3+ 63. Kb4 Re8 64. Kb5 Rg8 65. Rg1 Ke4 66. Kc6 Rg4 1-0

[Event "Oravska Priehrada op"]
[Site "Namestovo"]
[Date "2017.08.27"]
[Round "6"]
[White "Ziaran, Viliam"]
[Black "Kravec, Patrik"]
[Result "0-1"]
[WhiteElo "1853"]
[BlackElo "2095"]
[PlyCount "62"]
[EventDate "2017.08.25"]
[EventType "swiss"]
[EventRounds "7"]
[EventCountry "SVK"]
[SourceTitle "CBM 180 Extra"]
[Source "ChessBase"]
[SourceDate "2017.10.06"]
[SourceVersion "1"]
[SourceVersionDate "2017.10.06"]
[SourceQuality "1"]

1. e4 c5 2. Nc3 g6 3. g3 Bg7 4. Bg2 Nc6 5. d3 e6 6. Be3 Nd4 7. Qd2 Ne7 8. f4 Nec6 9. e5 0-0 10. Ne4 b6 11. Nd6 f6 12. c3 Nf5 13. Nxf5 exf5 14. d4 cxd4 15. cxd4 Bb7 16. Rd1 Rb8 17. h4 Na5 18. b3 d6 19. h5 dxe5 20. hxg6 hxg6 21. Bxb7 Rxb7 22. Qh2 exd4 23. Rxd4 Rd7 24. Qh7+ Kf7 25. Rxd7+ Qxd7 26. Rh6 Re8 27. Qxg6+ Kf8 28. Kf2 Qd3 29. Bxb6 axb6 30. Rh5 Qd2+ 31. Kf3 Re3# 0-1

[Event "Oravska Priehrada op"]
[Site "Namestovo"]
[Date "2017.08.26"]
[Round "4"]
[White "Kravec, Patrik"]
[Black "Stevik, Patrik1111"]
[Result "1/2-1/2"]
[WhiteElo "2095"]
[BlackElo "1899"]
[PlyCount "89"]
[EventDate "2017.08.25"]
[EventType "swiss"]
[EventRounds "7"]
[EventCountry "SVK"]
[SourceTitle "CBM 180 Extra"]
[Source "ChessBase"]
[SourceDate "2017.10.06"]
[SourceVersion "1"]
[SourceVersionDate "2017.10.06"]
[SourceQuality "1"]

1. e4 e5 2. Nf3 Nc6 3. d4 exd4 4. Nxd4 Nf6 5. Nxc6 bxc6 6. Qe2 Qe7 7. Nc3 g6 8. g3 Bg7 9. Bg2 0-0 10. 0-0 h6 11. f4 d5 12. e5 Nd7 13. Be3 a5 14. Qf2 Ba6 15. Rfe1 Qe6 16. Rad1 Rab8 17. b3 Nb6 18. Ne2 Bxe2 19. Rxe2 h5 20. Qf1 f5 21. exf6 Qxf6 22. Bd4 Qf7 23. Bxg7 Kxg7 24. Rde1 Rbe8 25. Qf2 Rxe2 26. Qxe2 Qf6 27. Qe3 Rf7 28. Qc5 h4 29. Qe3 hxg3 30. hxg3 Nc8 31. Qe5 Re7 32. Qxf6+ Kxf6 33. Rxe7 Kxe7 34. c3 Nb6 35. Kf2 a4 36. Ke3 axb3 37. axb3 Kd6 38. Bf1 Nd7 39. Bd3 Nf8 40. g4 c5 41. g5 c6 42. Be2 Ne6 43. Bd3 Nf8 44. Be2 Ne6 45. Bd3 1/2-1/2